Physical processes in interstellar clouds (Record no. 9464)

MARC details
000 -LEADER
fixed length control field 01023nam a2200229Ia 4500
003 - CONTROL NUMBER IDENTIFIER
control field IN-BaIIA
008 - FIXED-LENGTH DATA ELEMENTS--GENERAL INFORMATION
fixed length control field 211028s9999 xx 000 0 eng d
020 ## - INTERNATIONAL STANDARD BOOK NUMBER
International Standard Book Number 90-277-2563-2
040 ## - CATALOGING SOURCE
Transcribing agency IIA Library
080 ## - UNIVERSAL DECIMAL CLASSIFICATION NUMBER
Universal Decimal Classification number 524.575(082.2)
Item number PHY
111 ## - MAIN ENTRY--MEETING NAME
Meeting name or jurisdiction name as entry element NATO Advanced Study Institute Workshop on Physical Processes in Interstellar Clouds
Location of meeting Irsee, FRG
Date of meeting or treaty signing 1986 Aug. 18-28
9 (RLIN) 15930
245 #0 - TITLE STATEMENT
Title Physical processes in interstellar clouds
Remainder of title proceedings of the NATO advanced study institute workshop on physical processes in interstellar clouds, held in Irsee, FRG, 18-28 Aug 1986
Statement of responsibility, etc. edited by G. E. Morfill
260 ## - PUBLICATION, DISTRIBUTION, ETC.
Place of publication, distribution, etc. Dordrecht
Name of publisher, distributor, etc. D. Reidel Publishing
Date of publication, distribution, etc. 1987
300 ## - PHYSICAL DESCRIPTION
Extent x, 554p.
490 ## - SERIES STATEMENT
Series statement NATO ASI series. Series C : mathematical and physical scienc
650 ## - SUBJECT ADDED ENTRY--TOPICAL TERM
Topical term or geographic name entry element Astronomy and astrophysics Thesaurus
650 ## - SUBJECT ADDED ENTRY--TOPICAL TERM
Topical term or geographic name entry element Interstellar clouds
9 (RLIN) 15931
650 ## - SUBJECT ADDED ENTRY--TOPICAL TERM
Topical term or geographic name entry element Interstellar matter
9 (RLIN) 1189
700 ## - ADDED ENTRY--PERSONAL NAME
Personal name Morfill, G. E., ed.
9 (RLIN) 15932
700 ## - ADDED ENTRY--PERSONAL NAME
Personal name Scholer, M., ed.
9 (RLIN) 15933
942 ## - ADDED ENTRY ELEMENTS (KOHA)
Koha item type Books
Holdings
Withdrawn status Lost status Damaged status Not for loan Home library Current library Shelving location Date acquired Total Checkouts Full call number Barcode Date last seen Price effective from Koha item type
        IIA Library-Bangalore IIA Library-Bangalore General Stacks     524.575(082.2)/ PHY 10374 05/11/2021   Books

Powered by Koha